[Event "Krefeld op"]
[Site "Krefeld"]
[Date "2022.08.07"]
[Round "6"]
[White "Bertram, Karsten"]
[Black "Vortmeier, Jan"]
[Result "1-0"]
[WhiteElo "2062"]
[BlackElo "1667"]
[PlyCount "95"]
[EventDate "2022.08.04"]
[EventType "swiss"]
[EventRounds "9"]
[EventCountry "GER"]
[SourceTitle "CBM 209 Extra"]
[Source "ChessBase"]
[SourceDate "2022.09.30"]
[SourceVersion "1"]
[SourceVersionDate "2022.09.30"]
[SourceQuality "1"]

1. d4 d5 2. Nc3 Nf6 3. Bf4 c5 4. e3 cxd4 5. exd4 a6 6. Nf3 Nc6 7. Ne5 Bd7 8. g3 e6 9. Nxd7 Qxd7 10. Bg2 Bd6 11. Bg5 Be7 12. 0-0 0-0 13. Re1 h6 14. Be3 b5 15. Ne2 Rfc8 16. Nf4 Na5 17. Nd3 Bd6 18. b3 Qc7 19. Bd2 Nc6 20. c3 b4 21. c4 Nxd4 22. Nxb4 Bxb4 23. Bxb4 Nc6 24. Bc3 dxc4 25. Bxf6 gxf6 26. Rc1 Ne5 27. Qh5 Rab8 28. Qxh6 c3 29. Re4 f5 30. Qg5+ Ng6 31. Rxe6 fxe6 32. Qxg6+ Kf8 33. Qxe6 Qf7 34. Qe5 Rb5 35. Qh8+ Qg8 36. Qh6+ Qg7 37. Qxa6 Rbc5 38. Bd5 Qe5 39. Qh6+ Ke7 40. Bc4 Rxc4 41. bxc4 Rxc4 42. Qg5+ Kd6 43. Qd8+ Kc5 44. Qa5+ Kd6 45. Qa6+ Rc6 46. Rd1+ Kc7 47. Qa7+ Kc8 48. Qd7+ 1-0

[Event "Krefeld op"]
[Site "Krefeld"]
[Date "2022.08.06"]
[Round "4"]
[White "Vortmeier, Jan"]
[Black "Wagner, Julian"]
[Result "0-1"]
[WhiteElo "1667"]
[BlackElo "1955"]
[PlyCount "82"]
[EventDate "2022.08.04"]
[EventType "swiss"]
[EventRounds "9"]
[EventCountry "GER"]
[SourceTitle "CBM 209 Extra"]
[Source "ChessBase"]
[SourceDate "2022.09.30"]
[SourceVersion "1"]
[SourceVersionDate "2022.09.30"]
[SourceQuality "1"]

1. Nf3 c5 2. g3 d5 3. c4 d4 4. b4 e6 5. Bg2 Nf6 6. 0-0 cxb4 7. a3 b3 8. Qxb3 Nc6 9. Bb2 Bc5 10. e3 0-0 11. exd4 Nxd4 12. Nxd4 Bxd4 13. Nc3 Bd7 14. Ne2 Bxb2 15. Qxb2 Qc7 16. Rac1 Bc6 17. d4 Bxg2 18. Kxg2 Rfe8 19. Rfd1 e5 20. d5 Nd7 21. Nc3 Nc5 22. Nb5 Qb6 23. Qb4 e4 24. d6 Nd3 25. Rxd3 exd3 26. Nc7 Qc6+ 27. Kg1 a5 28. Qc3 Qxd6 29. Nxe8 Rxe8 30. Rd1 Rd8 31. Qxa5 Qd4 32. Qb5 b6 33. Qb3 h5 34. h4 Rd6 35. Rd2 Qe4 36. Qc3 Rd4 37. f3 Qe3+ 38. Kg2 Rd6 39. Rf2 Qxf2+ 40. Kxf2 d2 41. c5 bxc5 0-1

[Event "Krefeld op"]
[Site "Krefeld"]
[Date "2022.08.05"]
[Round "3"]
[White "Vortmeier, Jan"]
[Black "Bergau, Lukas"]
[Result "1-0"]
[WhiteElo "1667"]
[BlackElo "1510"]
[PlyCount "119"]
[EventDate "2022.08.04"]
[EventType "swiss"]
[EventRounds "9"]
[EventCountry "GER"]
[SourceTitle "CBM 209 Extra"]
[Source "ChessBase"]
[SourceDate "2022.09.30"]
[SourceVersion "1"]
[SourceVersionDate "2022.09.30"]
[SourceQuality "1"]

1. Nf3 Nf6 2. g3 d5 3. Bg2 e6 4. 0-0 Be7 5. c4 0-0 6. b3 c5 7. cxd5 Nxd5 8. Bb2 b6 9. d4 Nd7 10. e4 N5f6 11. Nc3 Bb7 12. d5 exd5 13. exd5 Qc7 14. Nb5 Qb8 15. d6 Bd8 16. Ne5 Bxg2 17. Kxg2 a6 18. Nc6 Qb7 19. Qf3 Kh8 20. Nxd8 Qxf3+ 21. Kxf3 Raxd8 22. Nc7 Ne8 23. Rad1 Nb8 24. Nxe8 Rfxe8 25. Rfe1 Kg8 26. Re7 Kf8 27. Rde1 f6 28. b4 cxb4 29. Bd4 Nc6 30. Bxb6 Ne5+ 31. R1xe5 fxe5 32. Rxe8+ Kxe8 33. Bxd8 Kxd8 34. Ke4 Kd7 35. Kxe5 a5 36. Kd5 a4 37. Kc4 b3 38. axb3 axb3 39. Kxb3 Kxd6 40. Kc4 Ke5 41. f3 g5 42. h3 h5 43. Kd3 h4 44. gxh4 gxh4 45. Ke3 Kf5 46. f4 Kf6 47. Ke4 Ke6 48. f5+ Kf6 49. Kf4 Kf7 50. Kg5 Kg8 51. Kxh4 Kf7 52. Kg5 Kg8 53. Kg6 Kh8 54. Kf7 Kh7 55. Ke7 Kg7 56. f6+ Kh8 57. f7 Kh7 58. Kf6 Kh8 59. f8Q+ Kh7 60. Qg7# 1-0

[Event "Dortmund Sparkassen op-B 47th"]
[Site "Dortmund"]
[Date "2019.07.20"]
[Round "8"]
[White "Wiedemann, Jan"]
[Black "Vortmeier, Jan"]
[Result "1-0"]
[WhiteElo "1719"]
[BlackElo "1441"]
[PlyCount "111"]
[EventDate "2019.07.13"]
[EventType "swiss"]
[EventRounds "9"]
[EventCountry "GER"]
[SourceTitle "CBM 192 Extra"]
[Source "Chessbase"]
[SourceDate "2019.11.06"]
[SourceVersion "1"]
[SourceVersionDate "2019.11.06"]
[SourceQuality "1"]

1. d4 e6 2. Nf3 Nc6 3. Bf4 d5 4. e3 Bd6 5. Bxd6 Qxd6 6. c3 Nf6 7. Bd3 e5 8. dxe5 Nxe5 9. Nxe5 Qxe5 10. Nd2 0-0 11. Nf3 Qd6 12. h3 Ne4 13. 0-0 Re8 14. Qc2 Qg6 15. Kh2 Qd6+ 16. Kh1 Qh6 17. Rg1 g5 18. Bxe4 dxe4 19. Nh2 Re5 20. Qe2 f5 21. Qc4+ Qe6 22. Qxc7 Qe7 23. Qxe7 Rxe7 24. Rgd1 Be6 25. Rd6 Kf7 26. Nf1 Rd7 27. Rxd7+ Bxd7 28. Rd1 Be6 29. Ng3 Ke7 30. Kg1 Rd8 31. Rxd8 Kxd8 32. Kf1 Ke7 33. Ke1 Kf6 34. a3 Bb3 35. Kd2 Ke5 36. Ne2 h5 37. Nd4 Bc4 38. g3 h4 39. f4+ Kf6 40. fxg5+ Kxg5 41. gxh4+ Kxh4 42. Nxf5+ Kxh3 43. Nd6 Bd5 44. c4 Bc6 45. Kc3 a6 46. Kd4 Kg4 47. Nxe4 Kf5 48. Nc5 Kf6 49. b4 Ke7 50. Ke5 Bh1 51. a4 Bc6 52. b5 axb5 53. axb5 Bf3 54. e4 Be2 55. Kd5 b6 56. Na4 1-0